000 00837nam a2200325Ia 4500
001 22379
003 IT-RoPAU
008 130308s9999 xx 000 0 und d
040 _aIT-RoPAU
040 _cIT-RoPAU
041 _aITALIANO
100 _aCavani Liliana
100 _gCodice Aut. SPICS: 8251
245 _aOltre la porta
245 _bOltre la Porta
250 _a1a ed.
260 _aTORINO
260 _bEinaudi
260 _c1982 [1° Ed.:1982 - Ed.Ling.Originale:1982]
300 _a"164 p. (prefazione: 4; testo: 160)"
500 _aSceneggiatura di un Sequestro Come Struttura Amorosa
650 _aAUTORI/OPERE DEL CINEMA
650 _eCodice materia Spics: 6807
700 _aMedioli Enrico
700 _gCodice Aut. SPICS: 3921
942 _cBK
957 _71
999 _c71759
_d71759
999 _bSI
999 _g1